00506nam a2200133Ia 4500008004100000082001900041100002300060245007000083260002200153300001000175440003000185650007500215710008200290120622s9999 xx 000 0 und d af 001.42 A931g aAguilar V., Javier aGuía didáctica de elaboración de textos / Javier V. Aguilar aMéxico : CONPES a46 P. aFomento a la planeación a1. LIBROS DE TEXTO - ARTE DE ESCRIBIR \ 2. MATERIALES PARA ENSEÑANZA aI. Coordinación Nacional para la Planeación de la Educación SuperiorÌ